000 01943nam0a2200373 i 4500
001 RU\NLR\BIBL_A\010535774
005 20260406024048.0
010 _a9785367031447
_912747
021 _aRU
_b2014-70437
_94320
035 _a(NILC)RuMoRGB-007557142
035 _a(NLR Aleph) 010535774
090 _a10277072
_c10277072
100 _a20141120d2014 u y0rusy50 ca
101 1 _arus
_ceng
102 _aRU
105 _aa|||g|||000yy
200 1 _aДомашняя оранжерея
_e[французская причуда, триумф победителя, красный бархат, весенний поцелуй, идеи сезонных цветочных композиций
_eиллюстрированный справочник]
_fред. Кэри Томас
_g[пер. с англ. Н. В. Габриелян]
210 _aСанкт-Петербург
_cАмфора
_d2014
215 _a63 с.
_cцв. ил.
_d29
225 1 _aСад и огород
225 1 _aДобрые советы Дом в саду представляет
225 1 _aДобрые советы Дом в саду представляет коллекцию иллюстрированных справочников "Сад и огород"
225 1 _aКоллекция иллюстрированных справочников "Сад и огород"
_eеженедельное издание
_vвып. № 20 (20), 2014
333 _a12+
606 1 _aЦветочные культуры
_jСправочники
_xАссортимент по цветовой гамме
_92618366
_3RU\NLR\AUTH\661554926
686 1 _aП274,1я2
686 1 _aП274-4я2
702 1 _4340
_8rus
_7ca
_aТомас
_bК.
_cрастениевод
_gКэри
_3RU\NLR\AUTH\77125617
_9108542
801 0 _aRU
_bРГБ
_c20140923
_gRCR
801 1 _aRU
_bРГБ
_c20140923
_2rusmarc
942 _cBOOK
980 _aNBR